000 nam a22 7a 4500
999 _c48578
_d48578
005 20230331142625.0
008 200420b xxu||||| |||| 00| 0 eng d
040 _aANE
041 _aEs
100 _aGranda Navarro,Jefferson Santiago
245 _aAuditoría de gestión y plan de mejoras aplicados a los procesos del departamento de contabilidad de la empresa de Etiquetado Adhesivo y Textil Etigraf.
260 _aQuito
_c2016
300 _a191 p.
650 _aAuditorìa
650 _aGestiòn
650 _aProcesos
650 _aContabilidad
650 _aEmpresa
650 _aPlanificación
650 _aEvaluación
856 _uhttp://documentacion.asambleanacional.gob.ec/alfresco/d/d/workspace/SpacesStore/748255c6-f809-4669-a48d-76928c001f68/TESIS%20AUDITORIA%20DE%20GESTI%c3%92N%20Y%20PLAN%20DE%20MEJORAS.pdf
942 _2ddc
_cBV
_zNr.